[Event "Catalunya-chT Gp1"]
[Site "Barcelona"]
[Date "2022.03.19"]
[Round "9.8"]
[White "Delgado Pico, Lluis"]
[Black "Llaneza Vega, Patricia"]
[Result "0-1"]
[WhiteElo "1989"]
[BlackElo "2139"]
[PlyCount "160"]
[EventDate "2022.01.22"]
[EventType "team-tourn"]
[EventRounds "9"]
[EventCountry "ESP"]
[SourceTitle "CBM 208 Extra"]
[Source "ChessBase"]
[SourceDate "2022.07.31"]
[SourceVersion "1"]
[SourceVersionDate "2022.07.31"]
[SourceQuality "1"]
[WhiteTeam "Gramenet"]
[BlackTeam "Foment Martinenc"]
[WhiteTeamCountry "ESP"]
[BlackTeamCountry "ESP"]

1. d4 Nf6 2. Bf4 g6 3. Nc3 d5 4. e3 Bg7 5. h4 h5 6. Bd3 0-0 7. Qd2 c5 8. Nf3 Nc6 9. a3 c4 10. Be2 Bg4 11. Ne5 Bxe2 12. Qxe2 Qa5 13. 0-0 Rac8 14. Bg5 Nxe5 15. dxe5 Ne4 16. Nxe4 dxe4 17. Bxe7 Rfe8 18. Bf6 Bxf6 19. exf6 Qf5 20. Rad1 Qxf6 21. Rd4 c3 22. b3 Qxh4 23. Rfd1 a6 24. a4 Red8 25. Rd7 Rxd7 26. Rxd7 Qf6 27. Qd1 b5 28. a5 Rc6 29. Qd5 Re6 30. Rd8+ Kg7 31. Rd7 Qe5 32. Qxe5+ Rxe5 33. b4 Re6 34. Rc7 Rd6 35. Rxc3 Rd1+ 36. Kh2 Rb1 37. Rc6 Rxb4 38. Rxa6 Rc4 39. Rb6 Rxc2 40. Kg1 Rc1+ 41. Kh2 Rf1 42. Rxb5 Rxf2 43. Rb4 Ra2 44. Rxe4 Rxa5 45. g4 h4 46. Rf4 Re5 47. Rf3 g5 48. e4 Rxe4 49. Kh3 Rf4 50. Ra3 Rf1 51. Kh2 Re1 52. Rb3 Kf6 53. Rf3+ Ke6 54. Kg2 Re4 55. Kh3 f6 56. Ra3 Rd4 57. Rf3 Rf4 58. Ra3 Kd5 59. Ra5+ Kc4 60. Ra4+ Kb5 61. Ra3 Kb4 62. Rd3 Rc4 63. Rd6 Rc3+ 64. Kh2 Rf3 65. Kg2 Rg3+ 66. Kh2 Rxg4 67. Rxf6 Kc5 68. Ra6 Rg3 69. Kh1 Kd5 70. Kh2 Ke5 71. Ra5+ Kf4 72. Ra4+ Kf5 73. Ra5+ Kg6 74. Ra6+ Kh5 75. Ra4 Rf3 76. Rb4 Rf2+ 77. Kg1 Rd2 78. Ra4 h3 79. Kh1 g4 80. Kg1 g3 0-1

[Event "Catalunya-chT Gp1"]
[Site "Barcelona"]
[Date "2022.02.05"]
[Round "3.9"]
[White "Mateu Guiu, Esteve"]
[Black "Delgado Pico, Lluis"]
[Result "1-0"]
[WhiteElo "2043"]
[BlackElo "1989"]
[PlyCount "93"]
[EventDate "2022.01.22"]
[EventType "team-tourn"]
[EventRounds "9"]
[EventCountry "ESP"]
[SourceTitle "CBM 206 Extra"]
[Source "ChessBase"]
[SourceDate "2022.03.31"]
[SourceVersion "1"]
[SourceVersionDate "2022.03.31"]
[SourceQuality "1"]
[WhiteTeam "Geva CEA"]
[BlackTeam "Gramenet"]
[WhiteTeamCountry "ESP"]
[BlackTeamCountry "ESP"]

1. d4 Nf6 2. Nf3 g6 3. Nc3 d5 4. Bf4 Bg7 5. Nb5 Na6 6. h3 c6 7. Nc3 0-0 8. e3 Nc7 9. Bd3 Nd7 10. 0-0 f6 11. e4 e5 12. dxe5 Nxe5 13. exd5 cxd5 14. Re1 Re8 15. Nd4 Ne6 16. Nxe6 Bxe6 17. Bb5 Re7 18. Ne2 a6 19. Ba4 b5 20. Bb3 Rc8 21. Be3 Nc4 22. Bd4 Bf7 23. Nf4 Rxe1+ 24. Qxe1 Qd6 25. Nd3 Bh6 26. Rd1 Re8 27. Qb4 Qxb4 28. Nxb4 a5 29. Nc6 Kg7 30. a4 b4 31. c3 Nd2 32. Bc2 Nc4 33. cxb4 axb4 34. Nxb4 Rb8 35. Bc3 Bf4 36. Nxd5 Bxd5 37. Rxd5 Nxb2 38. Rd7+ Kh6 39. Bxf6 Rc8 40. Bxb2 Rxc2 41. Bg7+ Kh5 42. g3 Bc7 43. Rd5+ g5 44. Bf6 h6 45. Kg2 Ra2 46. Be5 Bb6 47. g4+ 1-0

[Event "Roncana op-A 13th"]
[Site "Santa Eulalia de Roncana"]
[Date "2019.10.26"]
[Round "5"]
[White "Delgado Pico, Lluis"]
[Black "Lambert Pont, Michael"]
[Result "1-0"]
[WhiteElo "2009"]
[BlackElo "1575"]
[PlyCount "47"]
[EventDate "2019.09.28"]
[EventType "swiss"]
[EventRounds "8"]
[EventCountry "ESP"]
[SourceTitle "CBM 193 Extra"]
[Source "ChessBase"]
[SourceDate "2020.01.31"]
[SourceVersion "1"]
[SourceVersionDate "2020.01.31"]
[SourceQuality "1"]

1. d4 d5 2. Bf4 Nf6 3. e3 e6 4. Nd2 Bd6 5. Bg3 c5 6. c3 Qc7 7. Ngf3 Nbd7 8. Bd3 0-0 9. Qe2 e5 10. dxe5 Nxe5 11. Nxe5 Bxe5 12. Nf3 Bd6 13. Bh4 Ng4 14. Bg3 h6 15. 0-0-0 Ne5 16. Bc2 Be6 17. Nxe5 Bxe5 18. f4 Bd6 19. f5 Bd7 20. Rxd5 Bxg3 21. hxg3 Bc6 22. f6 Qxg3 23. Rh3 Qc7 24. Qg4 1-0

[Event "Roncana op-A 13th"]
[Site "Santa Eulalia de Roncana"]
[Date "2019.10.12"]
[Round "3"]
[White "Delgado Pico, Lluis"]
[Black "Alonso Gomez, Raul"]
[Result "0-1"]
[WhiteElo "2009"]
[BlackElo "1858"]
[PlyCount "74"]
[EventDate "2019.09.28"]
[EventType "swiss"]
[EventRounds "8"]
[EventCountry "ESP"]
[SourceTitle "CBM 193 Extra"]
[Source "ChessBase"]
[SourceDate "2020.01.31"]
[SourceVersion "1"]
[SourceVersionDate "2020.01.31"]
[SourceQuality "1"]

1. d4 Nf6 2. Bf4 c5 3. d5 Qb6 4. Nc3 Qxb2 5. Bd2 Qb6 6. e4 d6 7. f4 e5 8. Nf3 exf4 9. Rb1 Qd8 10. Bxf4 a6 11. a4 Be7 12. Bc4 0-0 13. 0-0 Nbd7 14. h3 Qa5 15. Bd2 Qc7 16. Bg5 Re8 17. Qd2 Qa5 18. Rbe1 Nb6 19. Qd3 Nxc4 20. Qxc4 b5 21. Qd3 c4 22. Qd2 b4 23. Nd1 Bb7 24. Nd4 Qc5 25. Bxf6 Bxf6 26. Rxf6 gxf6 27. Kh1 Bxd5 28. e5 c3 29. Qf4 Rxe5 30. Rxe5 dxe5 31. Qg4+ Kh8 32. Nf5 Rg8 33. Qh4 Bxg2+ 34. Kh2 Rg6 35. Nde3 Bc6 36. Ng4 Qd5 37. Qf2 Qf3 0-1

[Event "Barcelona Sant Marti op 21st"]
[Site "Barcelona"]
[Date "2019.07.14"]
[Round "2"]
[White "Namitbir, Singh Walia"]
[Black "Delgado Pico, Lluis"]
[Result "1/2-1/2"]
[WhiteElo "1760"]
[BlackElo "2028"]
[PlyCount "40"]
[EventDate "2019.07.13"]
[EventType "swiss"]
[EventRounds "9"]
[EventCountry "ESP"]
[SourceTitle "EXT 2020"]
[Source "ChessBase"]
[SourceDate "2019.10.17"]
[SourceVersion "1"]
[SourceVersionDate "2019.10.17"]
[SourceQuality "1"]

1. e4 e6 2. d4 d5 3. Nd2 Nf6 4. e5 Nfd7 5. Bd3 c5 6. c3 Nc6 7. Ne2 cxd4 8. cxd4 f6 9. exf6 Nxf6 10. Nf3 Bd6 11. 0-0 0-0 12. Re1 e5 13. dxe5 Nxe5 14. Ned4 Nxd3 15. Qxd3 Ne4 16. Be3 a6 17. Rad1 Bg4 18. h3 Nc5 19. Qd2 Ne4 20. Qd3 Nc5 1/2-1/2

[Event "Barcelona Paredes Memorial 19th"]
[Site "Barcelona"]
[Date "2017.06.03"]
[Round "7"]
[White "Delgado Pico, Lluis"]
[Black "Lillo Castany, Victor"]
[Result "0-1"]
[WhiteElo "2022"]
[BlackElo "2307"]
[PlyCount "120"]
[EventDate "2017.04.22"]
[EventType "swiss"]
[EventRounds "9"]
[EventCountry "ESP"]
[SourceTitle "EXT 2018"]
[Source "ChessBase"]
[SourceDate "2017.10.13"]
[SourceVersion "1"]
[SourceVersionDate "2017.10.13"]
[SourceQuality "1"]

1. d4 d5 2. Bf4 Nf6 3. e3 c5 4. Nc3 e6 5. Nf3 a6 6. a3 Nc6 7. Be2 Be7 8. h3 0-0 9. 0-0 b5 10. Re1 Bb7 11. Bf1 Qb6 12. Ne2 Rfc8 13. c3 Ne4 14. Ne5 Bh4 15. Ng3 Bxg3 16. Bxg3 Nxg3 17. Nxc6 Qxc6 18. fxg3 Qd6 19. Qf3 e5 20. Rad1 e4 21. Qf4 Qxf4 22. gxf4 c4 23. Be2 Kf8 24. Kf2 Ke7 25. Ra1 Bc6 26. Reb1 Rab8 27. Ke1 Rg8 28. Kd2 Kd6 29. g4 Bd7 30. h4 Rb6 31. Rg1 Kc7 32. g5 Rgb8 33. Kc1 a5 34. Kd2 b4 35. axb4 axb4 36. Rgc1 h6 37. Bd1 hxg5 38. fxg5 g6 39. Be2 Rh8 40. Ra7+ Kd6 41. Rf1 bxc3+ 42. bxc3 Be6 43. Rh1 Rb2+ 44. Ke1 Rb1+ 45. Bd1 Rhb8 46. Ra6+ Ke7 47. Ra7+ Ke8 48. Rh2 Bg4 49. Rd2 Rc1 50. Kf2 Rxd1 51. Rda2 Rdb1 52. Kg3 Be6 53. Kf4 Rh1 54. Ke5 Rxh4 55. Rc7 Rh3 56. Kf4 Rf3+ 57. Ke5 Rf5+ 58. Kd6 Rd8+ 59. Kc6 Rxg5 60. Rh2 Rh5 0-1

[Event "Barcelona Paredes Memorial 19th"]
[Site "Barcelona"]
[Date "2017.05.27"]
[Round "6"]
[White "Marzo Pie, Xavier"]
[Black "Delgado Pico, Lluis"]
[Result "0-1"]
[WhiteElo "1978"]
[BlackElo "2022"]
[PlyCount "94"]
[EventDate "2017.04.22"]
[EventType "swiss"]
[EventRounds "9"]
[EventCountry "ESP"]
[SourceTitle "EXT 2018"]
[Source "ChessBase"]
[SourceDate "2017.10.13"]
[SourceVersion "1"]
[SourceVersionDate "2017.10.13"]
[SourceQuality "1"]

1. d4 e6 2. c4 f5 3. Nc3 Nf6 4. g3 c6 5. Bg2 d5 6. Nf3 Bd6 7. 0-0 0-0 8. cxd5 exd5 9. Qc2 Ne4 10. Ne5 Qe7 11. f3 Bxe5 12. dxe5 Qc5+ 13. e3 Nxc3 14. Qxc3 Na6 15. Bd2 Qxc3 16. Bxc3 c5 17. Rfd1 Be6 18. Rac1 b5 19. Ba5 Rf7 20. a4 bxa4 21. Ra1 c4 22. f4 Rd7 23. Rxa4 Rb8 24. Bc3 Nc5 25. Ra5 Nd3 26. Rda1 Nxb2 27. Rb1 Rdb7 28. Rxd5 Rb3 29. Rd6 Rxc3 30. Rxe6 Rxe3 31. Bd5 Kf8 32. Bxc4 Rc3 33. Bd5 Rc2 34. Ra6 Rd8 35. Bb3 Re2 36. Rc1 Re3 37. Be6 Nd3 38. Rd1 Rb8 39. Bxf5 Nc5 40. Rxa7 Re2 41. Rc7 Na6 42. Ra7 Nc5 43. Bxh7 Ne6 44. Rdd7 Ke8 45. Re7+ Kf8 46. Rxe6 Rbb2 47. Rc6 Re1# 0-1

[Event "Roncana op-A 9th"]
[Site "Santa Eulalia de Roncana"]
[Date "2015.11.21"]
[Round "7"]
[White "Delgado Pico, Lluis"]
[Black "Ortega Serra, Marc"]
[Result "0-1"]
[WhiteElo "2200"]
[BlackElo "2356"]
[PlyCount "38"]
[EventDate "2015.10.03"]
[EventType "swiss"]
[EventRounds "8"]
[EventCountry "ESP"]
[SourceTitle "EXT 2017"]
[Source "ChessBase"]
[SourceDate "2016.10.25"]
[SourceVersion "1"]
[SourceVersionDate "2016.10.25"]
[SourceQuality "1"]

1. d4 Nf6 2. Bf4 g6 3. e3 Bg7 4. Nf3 0-0 5. Be2 d6 6. h3 c5 7. c3 Qb6 8. Qb3 Be6 9. dxc5 Qxc5 10. Qb5 Nbd7 11. Nbd2 a6 12. Qxc5 Nxc5 13. Bc4 Bxc4 14. Nxc4 b5 15. Ncd2 Nd3+ 16. Ke2 Nxb2 17. Rab1 Na4 18. Rbc1 Nd5 19. c4 Nac3+ 0-1

[Event "Roncana op-A 9th"]
[Site "Santa Eulalia de Roncana"]
[Date "2015.11.14"]
[Round "6"]
[White "Canal Oliveras, Joan"]
[Black "Delgado Pico, Lluis"]
[Result "0-1"]
[WhiteElo "2339"]
[BlackElo "2200"]
[PlyCount "56"]
[EventDate "2015.10.03"]
[EventType "swiss"]
[EventRounds "8"]
[EventCountry "ESP"]
[SourceTitle "EXT 2017"]
[Source "ChessBase"]
[SourceDate "2016.10.25"]
[SourceVersion "1"]
[SourceVersionDate "2016.10.25"]
[SourceQuality "1"]

1. e4 e6 2. d4 d5 3. Nc3 Bb4 4. e5 b6 5. Qg4 Bf8 6. Bg5 Qd7 7. 0-0-0 h6 8. Be3 Nc6 9. h4 Bb7 10. h5 0-0-0 11. Nge2 Nge7 12. Ng3 Kb8 13. a3 Na5 14. Kb1 Nc4 15. Bc1 Nc8 16. f4 Qc6 17. Na2 b5 18. f5 a5 19. fxe6 fxe6 20. Ne2 b4 21. axb4 axb4 22. Rh3 N8b6 23. Nf4 Bc8 24. Ng6 Rg8 25. Be2 Bd7 26. Rf1 Kb7 27. Rhf3 Ra8 28. Rxf8 Qa4 0-1

[Event "Roncana op-A 9th"]
[Site "Santa Eulalia de Roncana"]
[Date "2015.10.24"]
[Round "3"]
[White "Delgado Pico, Lluis"]
[Black "Ramal Mata, Rodrigo"]
[Result "1-0"]
[WhiteElo "2200"]
[BlackElo "2091"]
[PlyCount "127"]
[EventDate "2015.10.03"]
[EventType "swiss"]
[EventRounds "8"]
[EventCountry "ESP"]
[SourceTitle "EXT 2017"]
[Source "ChessBase"]
[SourceDate "2016.10.25"]
[SourceVersion "1"]
[SourceVersionDate "2016.10.25"]
[SourceQuality "1"]

1. d4 Nf6 2. Bf4 g6 3. e3 Bg7 4. Nf3 d6 5. h3 0-0 6. Be2 c5 7. c4 Nbd7 8. Nc3 b6 9. 0-0 Bb7 10. d5 a6 11. a4 a5 12. Bh2 Nb8 13. Re1 Ne8 14. e4 Na6 15. e5 Nb4 16. Bf1 Bc8 17. Rc1 Bh6 18. Ra1 Bf5 19. Ne4 Bg7 20. g4 Bxe4 21. Rxe4 f5 22. exf6 Bxf6 23. Qe2 g5 24. Bg2 Ng7 25. h4 h6 26. hxg5 hxg5 27. Qd2 Ra7 28. Rae1 Rd7 29. Bg3 Kh7 30. Nxg5+ Bxg5 31. Qxg5 e5 32. Qxd8 Rfxd8 33. f4 Nd3 34. R1e2 exf4 35. Bxf4 Rf7 36. Bg3 Rdd7 37. b3 Kg6 38. R2e3 Nc1 39. Bh4 Na2 40. Re6+ Kh7 41. Be4+ Kg8 42. Bg6 Rf4 43. R3e4 Rxe4 44. Rxe4 Nc3 45. Re3 Nd1 46. Re1 Nc3 47. Bf6 Na2 48. Re2 Nb4 49. Re7 Rxe7 50. Bxe7 Na2 51. Bxd6 Nc1 52. Bc7 Nxb3 53. Bxb6 Nd2 54. Bxc5 Nf3+ 55. Kf2 Ne5 56. Bf5 Nxf5 57. gxf5 Nd7 58. Bd4 Kf7 59. Kg2 Ke7 60. c5 Nb8 61. f6+ Kf7 62. c6 Na6 63. d6 Nb4 64. c7 1-0

[Event "Roncana op-A 8th"]
[Site "Santa Eulalia de Roncana"]
[Date "2014.11.22"]
[Round "6"]
[White "Delgado Pico, Lluis"]
[Black "Baltasar Diaz, Vicente"]
[Result "1-0"]
[WhiteElo "2170"]
[BlackElo "2005"]
[PlyCount "85"]
[EventDate "2014.10.11"]
[EventType "swiss"]
[EventRounds "8"]
[EventCountry "ESP"]
[SourceTitle "CBM 163 Extra"]
[Source "ChessBase"]
[SourceDate "2014.12.23"]
[SourceVersion "1"]
[SourceVersionDate "2014.12.23"]
[SourceQuality "1"]

1. d4 d5 2. Bf4 e6 3. e3 Nf6 4. Bd3 Be7 5. Nf3 Nbd7 6. Nbd2 0-0 7. Qe2 c5 8. c3 c4 9. Bc2 b5 10. a3 a5 11. e4 dxe4 12. Nxe4 Nd5 13. Bd2 Qc7 14. Neg5 N7f6 15. Ne5 h6 16. h4 Bb7 17. Ngf3 Nh5 18. g3 Bd6 19. Rg1 Rfe8 20. Ng5 Bxe5 21. dxe5 hxg5 22. Qxh5 Qxe5+ 23. Kf1 Nf6 24. Qxg5 Qxg5 25. hxg5 Ne4 26. Be3 Rad8 27. Ke2 Kf8 28. f3 Nd6 29. g4 f6 30. gxf6 gxf6 31. Rh1 Nf7 32. Bc5+ Kg8 33. Raf1 Ne5 34. Bd4 Rd7 35. Bxe5 fxe5 36. Rd1 Red8 37. Rxd7 Rxd7 38. Ke3 Rg7 39. Be4 Bd5 40. Rh5 Kf7 41. Rxe5 Bxe4 42. Kxe4 Kf6 43. Rxb5 1-0

[Event "Roncana op-A 8th"]
[Site "Santa Eulalia de Roncana"]
[Date "2014.10.11"]
[Round "1"]
[White "Delgado Pico, Lluis"]
[Black "Company Codina, Abel"]
[Result "1-0"]
[WhiteElo "2170"]
[BlackElo "1945"]
[PlyCount "83"]
[EventDate "2014.10.11"]
[EventType "swiss"]
[EventRounds "8"]
[EventCountry "ESP"]
[SourceTitle "CBM 163 Extra"]
[Source "ChessBase"]
[SourceDate "2014.12.23"]
[SourceVersion "1"]
[SourceVersionDate "2014.12.23"]
[SourceQuality "1"]

1. c4 e6 2. g3 Nf6 3. Bg2 d5 4. Nf3 c6 5. 0-0 Be7 6. b3 0-0 7. Bb2 Nbd7 8. d3 Re8 9. Nbd2 Bf8 10. e4 dxe4 11. dxe4 e5 12. Qc2 Qc7 13. Rad1 b6 14. Rfe1 Bb7 15. Nb1 Bc5 16. h3 Nh5 17. Kh2 Nhf6 18. a3 a5 19. Nc3 Rad8 20. Rd2 Bd6 21. Nd1 Nc5 22. Bc3 Ncd7 23. b4 axb4 24. axb4 c5 25. b5 Nf8 26. Nh4 Ne6 27. Ne3 Nd4 28. Qb1 Ra8 29. Nhf5 Bf8 30. Nd5 Bxd5 31. exd5 g6 32. d6 Bxd6 33. Nxd6 Qxd6 34. Bxa8 Rxa8 35. Bxd4 exd4 36. Ra2 Rxa2 37. Qxa2 Kg7 38. Qe2 Kf8 39. Kg2 d3 40. Qe3 Nd7 41. f4 Nf6 42. Rd1 1-0

[Event "Barcelona Sants op 16th"]
[Site "Barcelona"]
[Date "2014.08.26"]
[Round "5"]
[White "Delgado Pico, Lluis"]
[Black "Gurevich, Daniel"]
[Result "0-1"]
[WhiteElo "2082"]
[BlackElo "2298"]
[PlyCount "112"]
[EventDate "2014.08.22"]
[EventType "swiss"]
[EventRounds "10"]
[EventCountry "ESP"]
[SourceTitle "CBM 162 Extra"]
[Source "ChessBase"]
[SourceDate "2014.10.17"]
[SourceVersion "1"]
[SourceVersionDate "2014.10.17"]
[SourceQuality "1"]

1. d4 Nf6 2. c4 g6 3. Nc3 Bg7 4. Bf4 0-0 5. e3 d6 6. Nf3 Nbd7 7. Be2 b6 8. h3 Bb7 9. Qc2 e5 10. Bh2 exd4 11. exd4 Re8 12. 0-0 Ne4 13. Rfe1 Ndf6 14. Rad1 Nxc3 15. Qxc3 Ne4 16. Qc2 Qf6 17. Bd3 Ng5 18. Rxe8+ Rxe8 19. Nxg5 Qxg5 20. Bf1 Bf3 21. Qc1 Qxc1 22. Rxc1 Ba8 23. c5 dxc5 24. dxc5 Bxb2 25. Rc2 Bd4 26. cxb6 Bxb6 27. Bf4 Re1 28. Re2 Rxe2 29. Bxe2 Bd5 30. a4 c6 31. Bd2 a5 32. Bd1 Kf8 33. Kf1 Ke7 34. Bc2 Kd6 35. Bf4+ Ke6 36. Bd2 Bd8 37. g3 h5 38. h4 Bb6 39. Ke2 Bc4+ 40. Kf3 c5 41. Bc3 Ba2 42. Ke4 c4 43. Bd4 Bd8 44. Ke3 Bb3 45. Bxb3 cxb3 46. Kd3 Kd5 47. f3 f5 48. Bf2 Bf6 49. Be1 f4 50. gxf4 Kc5 51. f5 gxf5 52. Bxa5 Bxh4 53. Bc7 Be1 54. a5 Kb5 55. Be5 Kxa5 56. Ke3 h4 0-1

[Event "Dos Hermanas Internet qual-C 10th"]
[Site "ICC INT"]
[Date "2009.03.14"]
[Round "5"]
[White "Delgado Pico, Lluis"]
[Black "Martins, Vinicius Tine"]
[Result "0-1"]
[WhiteElo "2045"]
[BlackElo "1911"]
[PlyCount "80"]
[EventDate "2009.03.14"]
[EventType "swiss (blitz)"]
[EventRounds "12"]
[EventCountry "ESP"]
[SourceTitle "CBM 129 Extra"]
[Source "ChessBase"]
[SourceDate "2009.05.05"]
[SourceVersion "2"]
[SourceVersionDate "2009.05.20"]
[SourceQuality "1"]

1. d4 Nf6 2. Nf3 c5 3. c3 d6 4. Bf4 Nbd7 5. e3 g6 6. Nbd2 Bg7 7. Be2 0-0 8. h3 Rb8 9. a4 b6 10. 0-0 a6 11. c4 Bb7 12. d5 Qc7 13. e4 Nh5 14. Bh2 Bxb2 15. Rb1 Bg7 16. Qc2 Nhf6 17. Rfe1 Ne8 18. Bf1 Ne5 19. Nxe5 dxe5 20. Bd3 Nd6 21. Rf1 Bc8 22. f4 exf4 23. Bxf4 f6 24. Nf3 Bd7 25. Rbe1 b5 26. axb5 axb5 27. cxb5 c4 28. e5 Qb6+ 29. Be3 cxd3 30. exd6 Qxe3+ 31. Rxe3 dxc2 32. Rxe7 Bxb5 33. Rc1 Bd3 34. Nd4 Bh6 35. Rxc2 Bxc2 36. d7 Ba4 37. Nc6 Ra8 38. Kf2 Bf4 39. Kf3 Bd6 40. Re8 Rfxe8 0-1

[Event "Barbera del Valles op-B"]
[Site "Barbera del Valles"]
[Date "2008.07.05"]
[Round "1.5"]
[White "Delgado Pico, Lluis"]
[Black "Martinez Hernandez, Emili"]
[Result "1/2-1/2"]
[WhiteElo "2066"]
[BlackElo "1884"]
[PlyCount "249"]
[EventDate "2008.07.05"]
[EventType "swiss"]
[EventRounds "8"]
[EventCountry "ESP"]
[SourceTitle "EXT 2024"]
[Source "ChessBase"]
[SourceDate "2023.10.10"]
[SourceVersion "1"]
[SourceVersionDate "2023.10.10"]
[SourceQuality "1"]

1. d4 Nf6 2. Nf3 e6 3. Bf4 d5 4. e3 Be7 5. h3 Bd6 6. Ne5 Nbd7 7. Nd2 Bxe5 8. dxe5 Ne4 9. Nxe4 dxe4 10. Qd4 f5 11. exf6 Nxf6 12. Qxd8+ Kxd8 13. Rd1+ Bd7 14. Bc4 Re8 15. Be5 c6 16. 0-0 Re7 17. Rd4 b5 18. Bb3 c5 19. Bxf6 gxf6 20. Rxe4 c4 21. Bxc4 bxc4 22. Rxc4 Rc8 23. Rxc8+ Kxc8 24. Rd1 Rg7 25. g3 Bc6 26. Rd6 Bd5 27. e4 Kc7 28. Ra6 Kb7 29. Ra4 Bc6 30. Rb4+ Kc7 31. Rc4 Rd7 32. f3 Rd1+ 33. Kf2 Kd6 34. Ke3 Re1+ 35. Kf2 Rh1 36. Kg2 Ra1 37. a3 Rb1 38. Rb4 Rd1 39. Rc4 Rd2+ 40. Kg1 a5 41. b4 axb4 42. axb4 f5 43. exf5 exf5 44. Rf4 Rxc2 45. Rxf5 Rc3 46. Kf2 Rb3 47. Rf7 h5 48. Rf5 Rb2+ 49. Ke3 Rb3+ 50. Kf2 Rb2+ 51. Ke1 Rxb4 52. Rxh5 Bxf3 53. Rh6+ Ke5 54. Kf2 Bd5 55. Rh5+ Kd4 56. g4 Ke4 57. Kg3 Rb3+ 58. Kh4 Be6 59. Rh8 Kf3 60. Rd8 Kf4 61. Rf8+ Ke5 62. Rf2 Rb8 63. Rf3 Ke4 64. Rf2 Rh8+ 65. Kg3 Ke5 66. h4 Rd8 67. Rf3 Rd1 68. g5 Rg1+ 69. Kh2 Rg4 70. Rh3 Bd5 71. Re3+ Kf4 72. Ra3 Rxh4+ 73. Kg1 Rg4+ 74. Kf2 Rg2+ 75. Kf1 Rxg5 76. Ke1 Rg2 77. Kd1 Ke4 78. Ra4+ Kd3 79. Ra3+ Kc4 80. Rh3 Be6 81. Re3 Bg4+ 82. Ke1 Kd4 83. Ra3 Bf5 84. Kf1 Rb2 85. Rg3 Bd3+ 86. Kg1 Ke4 87. Rg2 Rb1+ 88. Kh2 Kf4 89. Rf2+ Kg4 90. Rg2+ Kh4 91. Rf2 Re1 92. Rf4+ Kg5 93. Rd4 Be4 94. Kg3 Re3+ 95. Kf2 Rf3+ 96. Ke2 Kf4 97. Rb4 Re3+ 98. Kf2 Rh3 99. Ke2 Rh2+ 100. Kd1 Ke3 101. Rb3+ Bd3 102. Kc1 Kd4 103. Ra3 Rc2+ 104. Kd1 Rb2 105. Kc1 Rc2+ 106. Kd1 Ke3 107. Ra8 Rb2 108. Re8+ Be4 109. Rc8 Rb1+ 110. Rc1 Rb3 111. Ra1 Rb2 112. Rc1 Rh2 113. Rc3+ Bd3 114. Kc1 Ra2 115. Kd1 Rb2 116. Rc7 Rd2+ 117. Kc1 Ra2 118. Re7+ Kd4 119. Rc7 Bc4 120. Kd1 Be6 121. Rg7 Bf5 122. Rg3 Ra1+ 123. Kd2 Be4 124. Rh3 Ra2+ 125. Ke1 1/2-1/2

[Event "Catalunya-chT Primera Gp2"]
[Site "Catalunya"]
[Date "2008.02.24"]
[Round "5"]
[White "Delgado Pico, Lluis"]
[Black "Ayza Leon, David"]
[Result "0-1"]
[WhiteElo "2076"]
[BlackElo "2176"]
[PlyCount "76"]
[EventDate "2008.01.27"]
[EventType "team-tourn"]
[EventRounds "9"]
[EventCountry "ESP"]
[SourceTitle "EXT 2019"]
[Source "ChessBase"]
[SourceDate "2018.10.10"]
[SourceVersion "1"]
[SourceVersionDate "2018.10.10"]
[SourceQuality "1"]

1. d4 Nf6 2. Nf3 g6 3. Bf4 Bg7 4. e3 d6 5. h3 0-0 6. Be2 c5 7. c3 cxd4 8. exd4 Qb6 9. Qb3 Qxb3 10. axb3 Nc6 11. b4 e5 12. dxe5 dxe5 13. Be3 e4 14. Nd4 Nxd4 15. Bxd4 a6 16. b5 Nd5 17. Bc5 Re8 18. 0-0 Nf4 19. Re1 Bd7 20. bxa6 Nxe2+ 21. Rxe2 Bb5 22. Re1 Bxa6 23. Nd2 Bd3 24. Nb3 f5 25. Be3 Bc4 26. Nd4 h6 27. g4 Bxd4 28. cxd4 fxg4 29. hxg4 g5 30. Kg2 Be6 31. Rxa8 Rxa8 32. f3 exf3+ 33. Kxf3 Rf8+ 34. Ke4 Bxg4 35. Ke5 Re8+ 36. Kd6 Bf3 37. Bd2 Rd8+ 38. Ke5 Kf7 0-1

[Event "Barcelona Sant Marti op 06th"]
[Site "Barcelona"]
[Date "2004.06.12"]
[Round "8"]
[White "Leiva Velasco, Antonio"]
[Black "Delgado Pico, Lluis"]
[Result "1-0"]
[WhiteElo "2105"]
[BlackElo "2165"]
[PlyCount "56"]
[EventDate "2004.04.17"]
[EventType "swiss"]
[EventRounds "9"]
[EventCountry "ESP"]
[SourceTitle "CBM 100 Extra"]
[Source "ChessBase"]
[SourceDate "2004.07.06"]
[SourceVersion "2"]
[SourceVersionDate "2004.07.06"]
[SourceQuality "1"]

1. e4 d6 2. d4 c6 3. f4 Nd7 4. Nf3 g6 5. Be3 Bg7 6. Qd2 d5 7. e5 e6 8. Bd3 Ne7 9. Nc3 Qc7 10. 0-0 a6 11. Ne2 b6 12. a4 c5 13. c3 Rb8 14. b4 Bb7 15. h3 h5 16. Ng5 Nf5 17. Bf2 Nf8 18. a5 c4 19. axb6 Qxb6 20. Bc2 Bc6 21. g3 Rb7 22. Kg2 Nh7 23. g4 hxg4 24. hxg4 Nxg5 25. gxf5 Ne4 26. Bxe4 dxe4 27. d5 Bxd5 28. Bxb6 e3+ 1-0